[Event "FIDE World Cup"]
[Site "Tbilisi"]
[Date "2017.09.03"]
[Round "1.1"]
[White "Caruana, Fabiano"]
[Black "Solomon, Kenny"]
[Result "1-0"]
[WhiteElo "2807"]
[BlackElo "2398"]
[PlyCount "83"]
[EventDate "2017.09.03"]
[EventType "k.o."]
[EventRounds "7"]
[EventCountry "GEO"]
[SourceTitle "CBM 181"]
[Source "ChessBase"]
[SourceDate "2017.11.10"]
[SourceVersion "1"]
[SourceVersionDate "2017.11.10"]
[SourceQuality "1"]

1. e4 e5 2. Nf3 Nc6 3. Bb5 a6 4. Ba4 Nf6 5. d3 d6 6. c3 Be7 7. O-O O-O 8. Re1
b5 9. Bc2 Bb7 10. Nbd2 Re8 11. Nf1 Bf8 12. Bg5 h6 13. Bh4 g6 14. Ne3 Bg7 15. a4
Qd7 16. b4 Nh5 17. Bb3 Nf4 18. Bg3 Nh5 19. Bh4 Nf4 20. h3 Kh8 21. Bg3 Nh5 22.
Bh2 Nf6 23. Qd2 Rab8 24. Rec1 Rf8 25. axb5 axb5 26. c4 bxc4 27. Rxc4 Ne7 28.
Qc2 c6 29. Ra5 Nh5 30. d4 exd4 31. Nxd4 Ra8 32. Nf3 Ba6 33. g4 Nf6 34. Rd4 Ne8
35. Rd2 Qb7 36. e5 d5 37. Qc5 Rb8 38. e6 Ra8 39. exf7 Nf6 40. Bc2 Rxf7 41. Ne5
Rff8 42. Qxe7 1-0

[Event "FIDE World Cup"]
[Site "Tbilisi"]
[Date "2017.09.03"]
[Round "1.1"]
[White "Cheparinov, Ivan"]
[Black "Mastrovasilis, Dimitrios"]
[Result "1-0"]
[WhiteElo "2696"]
[BlackElo "2596"]
[PlyCount "63"]
[EventDate "2017.09.03"]
[EventType "k.o."]
[EventRounds "7"]
[EventCountry "GEO"]
[SourceTitle "CBM 181"]
[Source "ChessBase"]
[SourceDate "2017.11.10"]
[SourceVersion "1"]
[SourceVersionDate "2017.11.10"]
[SourceQuality "1"]

1. d4 d5 2. Nf3 Nf6 3. c4 e6 4. Nc3 c5 5. cxd5 Nxd5 6. e3 Nc6 7. Bd3 Be7 8. a3
O-O 9. Nxd5 Qxd5 10. Qc2 h6 11. Bh7+ Kh8 12. Be4 Qd6 13. dxc5 Qxc5 14. Qxc5
Bxc5 15. b4 Be7 16. Bb2 Bd7 17. Ke2 Rfd8 18. Rhd1 Kg8 19. Rac1 Rac8 20. b5 Nb8
21. a4 b6 22. Bb7 Rxc1 23. Rxc1 f6 24. e4 Kf7 25. e5 Bc5 26. Nd2 fxe5 27. Ne4
Bd4 28. Ba3 Be8 29. Nd6+ Ke7 30. Rc7+ Rd7 31. Rc8 Rd8 32. Nf7+ 1-0

[Event "FIDE World Cup"]
[Site "Tbilisi"]
[Date "2017.09.03"]
[Round "1.1"]
[White "Cori, Jorge Moise"]
[Black "Jones, Gawain C B"]
[Result "1-0"]
[WhiteElo "2641"]
[BlackElo "2660"]
[PlyCount "193"]
[EventDate "2017.09.03"]
[EventType "k.o."]
[EventRounds "7"]
[EventCountry "GEO"]
[SourceTitle "CBM 181"]
[Source "ChessBase"]
[SourceDate "2017.11.10"]
[SourceVersion "1"]
[SourceVersionDate "2017.11.10"]
[SourceQuality "1"]

1. d4 Nf6 2. Nf3 g6 3. c4 Bg7 4. g3 O-O 5. Bg2 c5 6. Nc3 cxd4 7. Nxd4 Qc7 8.
Nd5 Nxd5 9. cxd5 Qb6 10. Nb3 d6 11. O-O Qa6 12. a4 Qc4 13. Nd2 Qb4 14. Ra2 Na6
15. b3 Bf5 16. Ba3 Qd4 17. e4 Bd7 18. Nc4 Qxd1 19. Rxd1 Rfc8 20. e5 Rxc4 21.
bxc4 Bxe5 22. Rb1 Rb8 23. Re2 Bf6 24. a5 Kf8 25. Bc1 Nc5 26. Bh6+ Ke8 27. Be3
Bg4 28. Ra2 Bf5 29. Rb4 Kd7 30. h3 h5 31. Bf1 Bc3 32. Bxc5 dxc5 33. Rb3 Be5 34.
Kg2 Kc7 35. Bd3 Bd7 36. Be4 Bd6 37. Rb1 h4 38. g4 f5 39. gxf5 gxf5 40. Bf3 Be5
41. Ra3 Bd4 42. Rab3 b6 43. axb6+ Rxb6 44. Rxb6 axb6 45. Rb3 Bf6 46. Be2 Bd4
47. Ra3 Bc8 48. Bf3 Be5 49. Ra7+ Kd8 50. Bh5 Bb8 51. Ra2 Bb7 52. Bf7 Bd6 53. f3
Kc7 54. Be8 f4 55. Bb5 Bc8 56. Kh2 Kb8 57. Rg2 Be5 58. Rg6 Kc7 59. Rc6+ Kd8 60.
Rxb6 Bd6 61. Ba4 Kc7 62. Rb2 Be5 63. Rg2 Bf6 64. Bb5 Bf5 65. Rg8 Bc8 66. Kg2
Be5 67. Rf8 Bb7 68. Rf5 Kd6 69. Rg5 Bc8 70. Rg8 Kc7 71. Re8 Bf6 72. Kh2 Bb7 73.
Ba4 Ba6 74. Bb3 Bc8 75. Bc2 Ba6 76. Bd3 Bb7 77. Kg2 Ba6 78. Ra8 Bb7 79. Ra5 Bd4
80. Bf5 Kb6 81. Ra4 Ba6 82. Kf1 Bb7 83. Ke2 Bc3 84. Kd3 Bf6 85. Ke4 e5 86. Be6
Bg7 87. Kf5 Kc7 88. Ra5 Bf8 89. Kxe5 Bd6+ 90. Kf5 Kb6 91. Ra4 Ba6 92. Kg4 Be5
93. Kxh4 Bc3 94. Kg4 Bb4 95. d6 Bc3 96. d7 Bf6 97. Bd5 1-0

[Event "FIDE World Cup"]
[Site "Tbilisi"]
[Date "2017.09.03"]
[Round "1.1"]
[White "Fier, Alexandr"]
[Black "Bacrot, Etienne"]
[Result "1/2-1/2"]
[WhiteElo "2579"]
[BlackElo "2715"]
[PlyCount "59"]
[EventDate "2017.09.03"]
[EventType "k.o."]
[EventRounds "7"]
[EventCountry "GEO"]
[SourceTitle "CBM 181"]
[Source "ChessBase"]
[SourceDate "2017.11.10"]
[SourceVersion "1"]
[SourceVersionDate "2017.11.10"]
[SourceQuality "1"]

1. d4 d5 2. c4 e6 3. Nc3 Be7 4. cxd5 exd5 5. Bf4 c6 6. e3 Bf5 7. g4 Be6 8. h4
Nd7 9. h5 Nh6 10. Be2 Nb6 11. Nh3 g5 12. hxg6 hxg6 13. a4 Ng8 14. Qb3 Qd7 15.
Nb5 Kf8 16. Nc7 Rd8 17. Nxe6+ fxe6 18. O-O-O Kg7 19. Be5+ Bf6 20. Bg3 Bh4 21.
Be5+ Bf6 22. Bg3 Bh4 23. e4 Qe7 24. a5 Bxg3 25. Qxg3 Nd7 26. e5 c5 27. f4 Nh6
28. Ng5 cxd4 29. Qa3 Rde8 30. Qxe7+ 1/2-1/2

[Event "FIDE World Cup"]
[Site "Tbilisi"]
[Date "2017.09.03"]
[Round "1.1"]
[White "Giri, Anish"]
[Black "Dzagnidze, Nana"]
[Result "1-0"]
[WhiteElo "2772"]
[BlackElo "2519"]
[PlyCount "133"]
[EventDate "2017.09.03"]
[EventType "k.o."]
[EventRounds "7"]
[EventCountry "GEO"]
[SourceTitle "CBM 181"]
[Source "ChessBase"]
[SourceDate "2017.11.10"]
[SourceVersion "1"]
[SourceVersionDate "2017.11.10"]
[SourceQuality "1"]

1. c4 e5 2. Nc3 Nc6 3. Nf3 g6 4. d4 exd4 5. Nxd4 Bg7 6. Nxc6 bxc6 7. g3 Ne7 8.
Bg2 O-O 9. O-O d6 10. Bg5 Be6 11. Qd3 Rb8 12. b3 c5 13. Qd2 Qd7 14. Rad1 Nc6
15. Ne4 f6 16. Nxc5 dxc5 17. Qxd7 Bxd7 18. Rxd7 Ne5 19. Rxg7+ Kxg7 20. Be3 Nd7
21. Rd1 Rfd8 22. Rd5 Kf7 23. Bh3 Ke7 24. Bxc5+ Nxc5 25. Rxc5 Rd1+ 26. Kg2 Kd6
27. Ra5 Ra8 28. c5+ Ke7 29. Bg4 a6 30. Bf3 Ra7 31. b4 Rc1 32. Bc6 Rc4 33. a3
Rc3 34. f4 g5 35. fxg5 fxg5 36. Kf2 Kd8 37. Ke1 Re3 38. b5 Re6 39. Bd5 Rh6 40.
c6 Rf6 41. bxa6 Ke7 42. Be4 h6 43. h3 Re6 44. Bd5 Re3 45. Kf2 Rc3 46. Be4 Ke6
47. a4 Ra3 48. h4 gxh4 49. gxh4 Kf6 50. Bd3 Kg7 51. Rd5 Rxa4 52. Rd7+ Kf6 53.
Kg3 Ra3 54. Kg4 Ra4+ 55. Kh5 Ra5+ 56. Kxh6 Rc5 57. Rg7 Rh5+ 58. Kxh5 Kxg7 59.
Kg5 Ra8 60. h5 Rd8 61. h6+ Kf8 62. a7 Ra8 63. Kf6 Kg8 64. h7+ Kh8 65. Ke7 Rxa7
66. Kd7 Kg7 67. Kc8 1-0

[Event "FIDE World Cup"]
[Site "Tbilisi"]
[Date "2017.09.03"]
[Round "1.1"]
[White "Grachev, Boris V"]
[Black "Melkumyan, Hrant"]
[Result "1/2-1/2"]
[WhiteElo "2654"]
[BlackElo "2642"]
[PlyCount "94"]
[EventDate "2017.09.03"]
[EventType "k.o."]
[EventRounds "7"]
[EventCountry "GEO"]
[SourceTitle "CBM 181"]
[Source "ChessBase"]
[SourceDate "2017.11.10"]
[SourceVersion "1"]
[SourceVersionDate "2017.11.10"]
[SourceQuality "1"]

1. d4 d5 2. c4 e6 3. Nc3 Nf6 4. Bg5 Be7 5. e3 O-O 6. Nf3 Nbd7 7. Rc1 h6 8. Bh4
c5 9. dxc5 dxc4 10. Bxc4 Nxc5 11. O-O Nfe4 12. Qxd8 Bxd8 13. Nxe4 Nxe4 14. Bxd8
Rxd8 15. Rfd1 Bd7 16. Bb3 Be8 17. Nd4 b6 18. Bc2 Nd6 19. Bd3 e5 20. Nc6 Bxc6
21. Rxc6 Rac8 22. Rxc8 Rxc8 23. f4 e4 24. Ba6 Rc6 25. a4 Kf8 26. Rd2 Ke7 27.
Kf2 Rc1 28. Be2 Ra1 29. b3 Rc1 30. Bd1 Rc3 31. Rc2 Rxc2+ 32. Bxc2 a5 33. Ke2
Ke6 34. Kd2 Kd5 35. g4 g5 36. f5 f6 37. Kc3 h5 38. h3 hxg4 39. hxg4 Kc5 40. Bd1
Nf7 41. Be2 Ne5 42. Bd1 Nf3 43. Bxf3 exf3 44. Kd2 Kd5 45. Ke1 Ke5 46. Kf1 Kd5
47. Ke1 Ke5 1/2-1/2

[Event "FIDE World Cup"]
[Site "Tbilisi"]
[Date "2017.09.03"]
[Round "1.1"]
[White "Hjartarson, Johann"]
[Black "Navara, David"]
[Result "0-1"]
[WhiteElo "2556"]
[BlackElo "2737"]
[PlyCount "80"]
[EventDate "2017.09.03"]
[EventType "k.o."]
[EventRounds "7"]
[EventCountry "GEO"]
[SourceTitle "CBM 181"]
[Source "ChessBase"]
[SourceDate "2017.11.10"]
[SourceVersion "1"]
[SourceVersionDate "2017.11.10"]
[SourceQuality "1"]

1. c4 g6 2. Nf3 Bg7 3. Nc3 c5 4. d4 cxd4 5. Nxd4 Nc6 6. Nc2 Bxc3+ 7. bxc3 Nf6
8. f3 Qa5 9. Qd2 d6 10. e4 Be6 11. Ne3 Rc8 12. Rb1 b6 13. Be2 O-O 14. O-O Ne5
15. Rb4 Qc5 16. Kh1 Qc7 17. Qb2 Nfd7 18. Nd5 Bxd5 19. cxd5 Qxc3 20. Bh6 Rfd8
21. Ba6 Qxb2 22. Rxb2 Rc7 23. Bg5 Nc5 24. Bb5 a6 25. Be2 Na4 26. Rb4 b5 27. f4
f6 28. fxe5 fxg5 29. exd6 exd6 30. Bg4 Nc5 31. h3 h5 32. Be6+ Kg7 33. Rbb1 Nxe4
34. Kg1 Rf8 35. Rfe1 Nc5 36. Re3 Rf4 37. a3 Re4 38. Rf3 Nxe6 39. dxe6 Rxe6 40.
Rd1 Rc2 0-1

[Event "FIDE World Cup"]
[Site "Tbilisi"]
[Date "2017.09.03"]
[Round "1.1"]
[White "Hovhannisyan, Robert"]
[Black "Rodshtein, Maxim"]
[Result "1/2-1/2"]
[WhiteElo "2606"]
[BlackElo "2695"]
[PlyCount "45"]
[EventDate "2017.09.03"]
[EventType "k.o."]
[EventRounds "7"]
[EventCountry "GEO"]
[SourceTitle "CBM 181"]
[Source "ChessBase"]
[SourceDate "2017.11.10"]
[SourceVersion "1"]
[SourceVersionDate "2017.11.10"]
[SourceQuality "1"]

1. e4 e5 2. Nf3 Nc6 3. Bb5 Nf6 4. O-O Nxe4 5. Re1 Nd6 6. Bf1 Be7 7. Nxe5 Nf5 8.
Nf3 O-O 9. d4 d5 10. Nc3 Nh4 11. Nxh4 Bxh4 12. Be3 Bf5 13. Qf3 Be6 14. Ne2 Nb4
15. Rec1 Qd7 16. g3 Be7 17. a3 Bg4 18. Qh1 Na6 19. Nf4 c6 20. h3 Bf5 21. g4 Bg6
22. c4 Nc7 23. cxd5 1/2-1/2

[Event "FIDE World Cup"]
[Site "Tbilisi"]
[Date "2017.09.03"]
[Round "1.1"]
[White "Inarkiev, Ernesto"]
[Black "Mchedlishvili, Mikheil"]
[Result "1-0"]
[WhiteElo "2702"]
[BlackElo "2590"]
[PlyCount "57"]
[EventDate "2017.09.03"]
[EventType "k.o."]
[EventRounds "7"]
[EventCountry "GEO"]
[SourceTitle "CBM 181"]
[Source "ChessBase"]
[SourceDate "2017.11.10"]
[SourceVersion "1"]
[SourceVersionDate "2017.11.10"]
[SourceQuality "1"]

1. e4 d6 2. d4 Nf6 3. Nc3 g6 4. f4 Bg7 5. Nf3 O-O 6. Be3 b6 7. e5 Ng4 8. Bg1 c5
9. Qe2 cxd4 10. Bxd4 Nc6 11. O-O-O Nxd4 12. Rxd4 Nh6 13. g3 Bb7 14. Bh3 b5 15.
Kb1 Nf5 16. Bxf5 gxf5 17. Rhd1 Qc8 18. Nd5 Re8 19. R4d3 b4 20. Nxb4 Be4 21. Rd4
Rb8 22. b3 a5 23. Nd5 a4 24. Rxa4 Qc5 25. Rxe4 fxe4 26. Qxe4 dxe5 27. fxe5 Rbd8
28. Ng5 e6 29. Nf6+ 1-0

[Event "FIDE World Cup"]
[Site "Tbilisi"]
[Date "2017.09.03"]
[Round "1.1"]
[White "Jobava, Baadur"]
[Black "Salgado Lopez, Ivan"]
[Result "1/2-1/2"]
[WhiteElo "2687"]
[BlackElo "2627"]
[PlyCount "40"]
[EventDate "2017.09.03"]
[EventType "k.o."]
[EventRounds "7"]
[EventCountry "GEO"]
[SourceTitle "CBM 181"]
[Source "ChessBase"]
[SourceDate "2017.11.10"]
[SourceVersion "1"]
[SourceVersionDate "2017.11.10"]
[SourceQuality "1"]

1. d4 d5 2. c4 c6 3. Nc3 Nf6 4. cxd5 cxd5 5. Bf4 Nc6 6. Nf3 Bf5 7. Qb3 Na5 8.
Qa4+ Bd7 9. Qc2 e6 10. e3 Be7 11. h3 Ne4 12. Bd3 f5 13. O-O Rc8 14. Ne5 O-O 15.
Rac1 Nc6 16. Nxc6 Rxc6 17. Qe2 a6 18. f3 Nxc3 19. Rxc3 Rxc3 20. bxc3 b5 1/2-1/2

[Event "FIDE World Cup"]
[Site "Tbilisi"]
[Date "2017.09.03"]
[Round "1.1"]
[White "Kovalenko, Igor"]
[Black "Kravtsiv, Martyn"]
[Result "0-1"]
[WhiteElo "2640"]
[BlackElo "2665"]
[PlyCount "142"]
[EventDate "2017.09.03"]
[EventType "k.o."]
[EventRounds "7"]
[EventCountry "GEO"]
[SourceTitle "CBM 181"]
[Source "ChessBase"]
[SourceDate "2017.11.10"]
[SourceVersion "1"]
[SourceVersionDate "2017.11.10"]
[SourceQuality "1"]

1. e4 e5 2. Nf3 Nc6 3. Bb5 a6 4. Ba4 Nf6 5. O-O Be7 6. Re1 b5 7. Bb3 O-O 8. c3
d5 9. exd5 Nxd5 10. Nxe5 Nxe5 11. Rxe5 c6 12. d3 Bd6 13. Re1 Bf5 14. Qf3 Re8
15. Be3 Nxe3 16. Rxe3 Rxe3 17. Qxe3 Bxd3 18. Nd2 Qd7 19. Re1 Kf8 20. Qf3 Bg6
21. Rd1 Re8 22. Nf1 Qc7 23. h4 h5 24. Ng3 c5 25. Bd5 Qe7 26. Bc6 Rd8 27. Be4
Kg8 28. Bxg6 fxg6 29. Nf1 Qxh4 30. g3 Qf6 31. Qxf6 gxf6 32. c4 Kf7 33. Ne3 Bc7
34. Rc1 Bd6 35. b3 f5 36. Nd5 Re8 37. Kf1 h4 38. gxh4 Rh8 39. cxb5 axb5 40. Nc3
Rxh4 41. Rc2 b4 42. Na4 Rh8 43. Rc4 Rc8 44. f4 Ke6 45. Kg2 Rc7 46. Kf3 Kd5 47.
Rc2 Rh7 48. Rd2+ Ke6 49. Re2+ Kf7 50. Rf2 Rh3+ 51. Ke2 c4 52. Nb2 cxb3 53. axb3
Rxb3 54. Nd3 Rb1 55. Kd2 Ra1 56. Ke3 Ra8 57. Kd4 Re8 58. Kd5 Re4 59. Rf1 Kf6
60. Rf3 Bc7 61. Kc6 Bb8 62. Nc5 Rxf4 63. Rh3 Ba7 64. Nd7+ Kg7 65. Ne5 Re4 66.
Kd5 Bb8 67. Nd7 Ba7 68. Ne5 Bd4 69. Nd7 Re7 70. Kd6 Re3 71. Rh4 Rd3 0-1

[Event "FIDE World Cup"]
[Site "Tbilisi"]
[Date "2017.09.03"]
[Round "1.1"]
[White "Kulaots, Kaido"]
[Black "Vitiugov, Nikita"]
[Result "1/2-1/2"]
[WhiteElo "2577"]
[BlackElo "2724"]
[PlyCount "70"]
[EventDate "2017.09.03"]
[EventType "k.o."]
[EventRounds "7"]
[EventCountry "GEO"]
[SourceTitle "CBM 181"]
[Source "ChessBase"]
[SourceDate "2017.11.10"]
[SourceVersion "1"]
[SourceVersionDate "2017.11.10"]
[SourceQuality "1"]

1. e4 c5 2. Nf3 e6 3. d4 cxd4 4. Nxd4 Nc6 5. Nc3 a6 6. Be2 d6 7. Be3 Nf6 8. Qd2
Bd7 9. f4 Rc8 10. O-O-O b5 11. Bf3 Na5 12. g4 b4 13. Nce2 e5 14. g5 Nc4 15. Qd3
exd4 16. Nxd4 Ng4 17. Bxg4 Bxg4 18. Rde1 Bd7 19. h4 Qa5 20. Kb1 Bb5 21. Qd1 g6
22. f5 Be7 23. Bc1 Bd7 24. h5 Rf8 25. hxg6 hxg6 26. Rh7 Qc5 27. f6 Bd8 28. Reh1
Ba4 29. Rh8 Rxh8 30. Rxh8+ Kd7 31. Rh7 Ne5 32. Bf4 Ke8 33. Rh8+ Kd7 34. Rh7 Ke8
35. Rh8+ Kd7 1/2-1/2

[Event "FIDE World Cup"]
[Site "Tbilisi"]
[Date "2017.09.03"]
[Round "1.1"]
[White "Kunin, Vitaly L"]
[Black "Le, Quang Liem"]
[Result "1/2-1/2"]
[WhiteElo "2551"]
[BlackElo "2739"]
[PlyCount "55"]
[EventDate "2017.09.03"]
[EventType "k.o."]
[EventRounds "7"]
[EventCountry "GEO"]
[SourceTitle "CBM 181"]
[Source "ChessBase"]
[SourceDate "2017.11.10"]
[SourceVersion "1"]
[SourceVersionDate "2017.11.10"]
[SourceQuality "1"]

1. d4 Nf6 2. c4 e6 3. Nf3 d5 4. Nc3 Bb4 5. Bd2 O-O 6. e3 b6 7. Rc1 Bb7 8. cxd5
exd5 9. Bd3 a6 10. O-O Bd6 11. a3 Nbd7 12. Ne2 Re8 13. Ng3 g6 14. Bb4 c5 15.
dxc5 bxc5 16. Bc3 a5 17. Bb5 Qb6 18. Qa4 Bxg3 19. Bxd7 Re4 20. Qb5 Nxd7 21.
Qxd7 Bd6 22. b4 axb4 23. axb4 Rd8 24. bxc5 Bxc5 25. Qh3 Bc8 26. Qh6 Bf8 27. Qg5
Be7 28. Qh6 1/2-1/2

[Event "FIDE World Cup"]
[Site "Tbilisi"]
[Date "2017.09.03"]
[Round "1.1"]
[White "Kuzubov, Yuriy"]
[Black "Zhigalko, Sergei"]
[Result "1/2-1/2"]
[WhiteElo "2652"]
[BlackElo "2644"]
[PlyCount "108"]
[EventDate "2017.09.03"]
[EventType "k.o."]
[EventRounds "7"]
[EventCountry "GEO"]
[SourceTitle "CBM 181"]
[Source "ChessBase"]
[SourceDate "2017.11.10"]
[SourceVersion "1"]
[SourceVersionDate "2017.11.10"]
[SourceQuality "1"]

1. c4 c5 2. Nf3 Nf6 3. Nc3 Nc6 4. e3 e6 5. d4 d5 6. cxd5 exd5 7. Bb5 cxd4 8.
exd4 Bd6 9. O-O O-O 10. Bg5 Bg4 11. Bxc6 bxc6 12. h3 Bh5 13. Re1 h6 14. Bh4 g5
15. Bg3 Qb8 16. Bxd6 Qxd6 17. Qd3 Bxf3 18. Qxf3 Rae8 19. Qd3 Rxe1+ 20. Rxe1 Re8
21. Rxe8+ Nxe8 22. Nd1 Qb4 23. Ne3 Qxb2 24. Ng4 h5 25. Ne5 Qc1+ 26. Kh2 Nd6 27.
Qe3 Qxe3 28. fxe3 f6 29. Nxc6 Nc8 30. Nb4 Nb6 31. Kg3 Kf7 32. Kf3 Ke6 33. Na6
Kd6 34. e4 Na4 35. exd5 Nc3 36. a3 f5 37. Nb4 a5 38. Nc2 Nxd5 39. g3 a4 40. Ke2
Nc3+ 41. Ke3 Kd5 42. h4 gxh4 43. gxh4 Kc4 44. Kf4 Kb3 45. Nb4 Kxa3 46. Nd3 Kb3
47. Nc5+ Kc4 48. Nxa4 Nxa4 49. Kxf5 Kxd4 50. Kg5 Ke5 51. Kxh5 Kf6 52. Kg4 Kg6
53. h5+ Kh6 54. Kf4 Kxh5 1/2-1/2

[Event "FIDE World Cup"]
[Site "Tbilisi"]
[Date "2017.09.03"]
[Round "1.1"]
[White "Lenic, Luka"]
[Black "Fressinet, Laurent"]
[Result "1/2-1/2"]
[WhiteElo "2646"]
[BlackElo "2650"]
[PlyCount "88"]
[EventDate "2017.09.03"]
[EventType "k.o."]
[EventRounds "7"]
[EventCountry "GEO"]
[SourceTitle "CBM 181"]
[Source "ChessBase"]
[SourceDate "2017.11.10"]
[SourceVersion "1"]
[SourceVersionDate "2017.11.10"]
[SourceQuality "1"]

1. d4 d5 2. c4 e6 3. Nf3 Nf6 4. Nc3 c6 5. Bg5 Nbd7 6. e3 Qa5 7. Nd2 Bb4 8. Rc1
Ne4 9. Ncxe4 dxe4 10. c5 b6 11. a3 Bxd2+ 12. Qxd2 Qxd2+ 13. Kxd2 bxc5 14. b4 f6
15. Bf4 e5 16. dxe5 fxe5 17. Bg3 h5 18. h4 Ke7 19. Be2 Rd8 20. Rhd1 cxb4 21.
axb4 Nf6+ 22. Ke1 Rxd1+ 23. Rxd1 a5 24. Bxe5 a4 25. Rc1 Bb7 26. Ra1 Nd5 27.
Bxg7 Nxb4 28. Kd2 c5 29. Bxh5 Rg8 30. Bc3 Bc6 31. Rg1 a3 32. Ra1 Rxg2 33. Rxa3
Rxf2+ 34. Kc1 Kd6 35. Bd1 Rh2 36. h5 Bb5 37. Bxb4 cxb4 38. Ra7 Bc4 39. Rb7 Kc5
40. Rc7+ Kb5 41. Rb7+ Ka5 42. Ra7+ Kb6 43. Ra8 Rh1 44. Kd2 Rh2+ 1/2-1/2

[Event "FIDE World Cup"]
[Site "Tbilisi"]
[Date "2017.09.03"]
[Round "1.1"]
[White "Li, Chao B"]
[Black "Krysa, Leandro Sergio"]
[Result "1/2-1/2"]
[WhiteElo "2744"]
[BlackElo "2537"]
[PlyCount "226"]
[EventDate "2017.09.03"]
[EventType "k.o."]
[EventRounds "7"]
[EventCountry "GEO"]
[SourceTitle "CBM 181"]
[Source "ChessBase"]
[SourceDate "2017.11.10"]
[SourceVersion "1"]
[SourceVersionDate "2017.11.10"]
[SourceQuality "1"]

1. Nf3 d5 2. d4 Nf6 3. c4 dxc4 4. e3 Bg4 5. Bxc4 e6 6. h3 Bh5 7. Nc3 Nc6 8. O-O
Bd6 9. Be2 O-O 10. Bd2 a6 11. Rc1 Qe7 12. Nh4 Bxe2 13. Qxe2 Rad8 14. Nf3 Bb4
15. a3 Bxc3 16. Bxc3 Ne4 17. Qc2 Nxc3 18. Qxc3 Rd5 19. Rc2 Rfd8 20. Rfc1 e5 21.
dxe5 Rd3 22. Qc5 Qe6 23. Qc4 Nxe5 24. Qxe6 Nxf3+ 25. gxf3 fxe6 26. Rxc7 R8d7
27. Rc8+ Kf7 28. R1c2 R3d5 29. f4 h6 30. Kg2 Ke7 31. Kf3 Rd8 32. R8c7+ R8d7 33.
h4 h5 34. Rc8 Rd8 35. R8c5 Kf6 36. Rc7 R8d7 37. Rc8 Rd2 38. a4 Rxc2 39. Rxc2 g6
40. b4 Ke7 41. a5 Kf6 42. Ke4 Rd5 43. Rc5 Rd7 44. Kf3 Ke7 45. Rc8 Kf6 46. Rf8+
Kg7 47. Rb8 Kf6 48. Ke4 Kf7 49. Rc8 Kf6 50. Rc5 Re7 51. Kd3 Rd7+ 52. Kc2 Rd6
53. Rc7 b6 54. Ra7 bxa5 55. bxa5 e5 56. fxe5+ Kxe5 57. Re7+ Kf5 58. Kc3 g5 59.
hxg5 Kxg5 60. Rg7+ Kf5 61. Rh7 Kg4 62. e4 h4 63. Kc4 Rf6 64. e5 Rxf2 65. Rg7+
Kf4 66. Rf7+ Kg3 67. Rxf2 Kxf2 68. e6 h3 69. e7 h2 70. e8=Q h1=Q 71. Kc5 Qb7
72. Qc6 Qe7+ 73. Kb6 Qe2 74. Ka7 Ke1 75. Qxa6 Qe7+ 76. Qb7 Qc5+ 77. Qb6 Qe7+
78. Ka6 Qe2+ 79. Kb7 Qe7+ 80. Qc7 Qe4+ 81. Qc6 Qe7+ 82. Kb6 Qe3+ 83. Qc5 Qe6+
84. Kb5 Qe2+ 85. Ka4 Qa2+ 86. Qa3 Qc2+ 87. Qb3 Qc6+ 88. Ka3 Ke2 89. Kb2 Kd2 90.
Qb4+ Kd3 91. Ka3 Ke2 92. Kb3 Qf3+ 93. Qc3 Qb7+ 94. Ka3 Qa6 95. Qb2+ Kd3 96. Qb6
Qc8 97. a6 Qc1+ 98. Ka2 Qc2+ 99. Qb2 Qc7 100. Qb5+ Kc3 101. Qb3+ Kd4 102. Qa4+
Kc3 103. Qb5 Qh2+ 104. Ka3 Qd6+ 105. Ka4 Qd4+ 106. Ka5 Qd8+ 107. Qb6 Qd5+ 108.
Qb5 Qd8+ 109. Ka4 Qd1+ 110. Ka5 Qd8+ 111. Qb6 Qd5+ 112. Ka4 Qa2+ 113. Kb5 Qc4+
1/2-1/2

[Event "FIDE World Cup"]
[Site "Tbilisi"]
[Date "2017.09.03"]
[Round "1.1"]
[White "Mareco, Sandro"]
[Black "Bluebaum, Matthias"]
[Result "1/2-1/2"]
[WhiteElo "2650"]
[BlackElo "2646"]
[PlyCount "43"]
[EventDate "2017.09.03"]
[EventType "k.o."]
[EventRounds "7"]
[EventCountry "GEO"]
[SourceTitle "CBM 181"]
[Source "ChessBase"]
[SourceDate "2017.11.10"]
[SourceVersion "1"]
[SourceVersionDate "2017.11.10"]
[SourceQuality "1"]

1. e4 e6 2. d4 d5 3. Nc3 Nf6 4. e5 Nfd7 5. f4 c5 6. Nf3 Nc6 7. Be3 a6 8. Qd2 b5
9. dxc5 Bxc5 10. Bd3 Qb6 11. Bf2 h6 12. O-O Bb7 13. Rae1 Bxf2+ 14. Qxf2 Qxf2+
15. Rxf2 Nc5 16. a3 b4 17. axb4 Nxb4 18. Bf1 Ke7 19. Nd4 Nc6 20. Rd2 Nxd4 21.
Rxd4 a5 22. Bb5 1/2-1/2

[Event "FIDE World Cup"]
[Site "Tbilisi"]
[Date "2017.09.03"]
[Round "1.1"]
[White "Najer, Evgeniy"]
[Black "Aleksandrov, Aleksej"]
[Result "1-0"]
[WhiteElo "2707"]
[BlackElo "2580"]
[PlyCount "101"]
[EventDate "2017.09.03"]
[EventType "k.o."]
[EventRounds "7"]
[EventCountry "GEO"]
[SourceTitle "CBM 181"]
[Source "ChessBase"]
[SourceDate "2017.11.10"]
[SourceVersion "1"]
[SourceVersionDate "2017.11.10"]
[SourceQuality "1"]

1. e4 e5 2. Nf3 Nc6 3. Bc4 Bc5 4. c3 Nf6 5. d3 d6 6. Bg5 h6 7. Bh4 Qe7 8. Nbd2
a6 9. a4 Ba7 10. Qe2 Be6 11. b4 O-O 12. O-O Rfe8 13. Rfb1 Rab8 14. a5 Bxc4 15.
Nxc4 Qe6 16. Bxf6 Qxf6 17. b5 axb5 18. Rxb5 Nd8 19. Rab1 Ra8 20. g3 Qe6 21. Kg2
c6 22. R5b2 Bb8 23. Ra1 Bc7 24. Nb6 Ra6 25. Qc2 g6 26. h4 h5 27. Rbb1 Kg7 28.
Qb2 d5 29. Re1 f6 30. Qb4 Qf7 31. Rab1 Bxb6 32. axb6 Ne6 33. d4 dxe4 34. Rxe4
exd4 35. Rbe1 Raa8 36. Nxd4 c5 37. Nxe6+ Rxe6 38. Qxc5 Rc6 39. Qxc6 bxc6 40.
Re7 Rb8 41. Rxf7+ Kxf7 42. Rb1 Ke6 43. Kf3 Kd5 44. b7 g5 45. Ke3 Kc4 46. Kd2
gxh4 47. gxh4 c5 48. Kc2 f5 49. Rb6 f4 50. f3 Kd5 51. Kb3 1-0

[Event "FIDE World Cup"]
[Site "Tbilisi"]
[Date "2017.09.03"]
[Round "1.1"]
[White "Nepomniachtchi, Ian"]
[Black "Palac, Mladen"]
[Result "1/2-1/2"]
[WhiteElo "2751"]
[BlackElo "2525"]
[PlyCount "69"]
[EventDate "2017.09.03"]
[EventType "k.o."]
[EventRounds "7"]
[EventCountry "GEO"]
[SourceTitle "CBM 181"]
[Source "ChessBase"]
[SourceDate "2017.11.10"]
[SourceVersion "1"]
[SourceVersionDate "2017.11.10"]
[SourceQuality "1"]

1. c4 Nf6 2. Nc3 e5 3. Nf3 Nc6 4. g3 Bb4 5. Bg2 O-O 6. O-O d6 7. d3 Re8 8. Bg5
Bxc3 9. bxc3 h6 10. Bh4 Rb8 11. Rb1 Bd7 12. h3 Qe7 13. g4 Nd8 14. Nd2 Bc6 15.
Bxc6 Nxc6 16. e3 Qe6 17. d4 Na5 18. d5 Qe7 19. Qf3 g5 20. Bg3 Nd7 21. Qf5 e4
22. f3 exf3 23. Rxf3 f6 24. Rbf1 Qh7 25. Qxh7+ Kxh7 26. c5 Rbc8 27. e4 dxc5 28.
e5 Nxe5 29. Rxf6 Nac4 30. Ne4 Nxg4 31. Re6 Rxe6 32. dxe6 Nge3 33. Rf7+ Kg6 34.
Nxc5 Nf5 35. Ne4 1/2-1/2